The pearson guide to physical chemistry for the AIPMT / (Record no. 168361)

MARC details
000 -LEADER
fixed length control field 00798nam a22002177a 4500
005 - DATE AND TIME OF LATEST TRANSACTION
control field 20191005130631.0
010 ## - LCCN (DPL NO)
LC control number B-506586-587
020 ## - INTERNATIONAL STANDARD BOOK NUMBER
International Standard Book Number 9788131755433
Terms of availability 425.00
035 ## - SYSTEM CONTROL NUMBER
System control number B-506586-587
037 ## - SOURCE OF ACQUISITION
Stock number KKP/Ven
082 ## - DEWEY DECIMAL CLASSIFICATION NUMBER
Classification number 541
100 ## - MAIN ENTRY--PERSONAL NAME
Personal name Singhal, Atul
245 ## - TITLE STATEMENT
Title The pearson guide to physical chemistry for the AIPMT /
Remainder of title by Atul Singhal
246 ## - VARYING FORM OF TITLE
Title proper/short title physical chemistry for the AIPMT
260 ## - PUBLICATION, DISTRIBUTION, ETC. (IMPRINT)
Place of publication, distribution, etc Delhi
Name of publisher, distributor, etc Pearson Education
Date of publication, distribution, etc 20?
270 ## - ADDRESS
Address 7th Floor, Knowledge Boulevard, A-8(A), Sec-62
City Noida
Postal code 201309
300 ## - PHYSICAL DESCRIPTION
Extent Various pages
Dimensions 25 cm (pbk)
500 ## - GENERAL NOTE
General note .
942 ## - ADDED ENTRY ELEMENTS (KOHA)
Source of classification or shelving scheme Dewey Decimal Classification
Item type English Books
Call number suffix SIN
Classification part 541
Holdings
Withdrawn status Lost status Not for loan Collection code Home library Current library Date acquired Source of acquisition Cost, normal purchase price Full call number Barcode Cost, replacement price Koha item type
      Non-fiction Sarojini Nagar Sarojini Nagar 05/10/2019 Pearson 425.00 541 SIN B-506587 4245.00 English Books

© Delhi Public Library
Hit Counter
free hit counter